000 00647nam a2200205 a 4500
001 000022051
005 20200930011548.0
008 100916s1974 dr a 001 0 spa d
040 _aDO-SdBNP
_bspa
_cBNPHU
082 _a641.8
_bM296u
100 1 _aMañon V., Adriana V. de
_945699
245 1 3 _aUn tesoro de comidas completas /
_cAdriana V. de Mañon V.
260 _aSanto Domingo :
_bLa Salle,
_c[1974].
_fAmigos del Hogar
300 _a479 p. :
_bil. ;
_c23 cm.
650 4 _aCocina
_zRepública Dominicana
_945700
650 4 _aArte culinario
_945701
650 4 _aMenú
_945702
910 _aValidado. Control de calidad EMS
049 _aBNPD
999 _c21549
_d21549